[Event "London Classic op-A U2000 5th"]
[Site "London"]
[Date "2013.12.11"]
[Round "3"]
[White "Antonovs, Viktors"]
[Black "O'Gorman, Brendan"]
[Result "0-1"]
[WhiteElo "1864"]
[BlackElo "1813"]
[PlyCount "46"]
[EventDate "2013.12.09"]
[EventType "swiss"]
[EventRounds "5"]
[EventCountry "ENG"]
[SourceTitle "EXT 2016"]
[Source "ChessBase"]
[SourceDate "2015.10.08"]
[SourceVersion "1"]
[SourceVersionDate "2015.10.08"]
[SourceQuality "1"]

1. e4 c5 2. c3 g6 3. d4 cxd4 4. cxd4 d5 5. e5 Bg7 6. Nc3 Nc6 7. h3 Nh6 8. Bxh6 Bxh6 9. Nf3 0-0 10. Qb3 e6 11. Bd3 Bd7 12. a3 f6 13. exf6 Rxf6 14. 0-0 Rxf3 15. gxf3 Nxd4 16. Qd1 Qg5+ 17. Kh2 Qh4 18. Kg2 e5 19. Rh1 Rf8 20. Ne2 Rxf3 21. Ng3 Bf4 22. Be2 Rxg3+ 23. fxg3 Qxg3+ 0-1

[Event "London Classic op-A U2000 5th"]
[Site "London"]
[Date "2013.12.10"]
[Round "2"]
[White "Lawrence, David J"]
[Black "Antonovs, Viktors"]
[Result "0-1"]
[WhiteElo "1677"]
[BlackElo "1864"]
[PlyCount "78"]
[EventDate "2013.12.09"]
[EventType "swiss"]
[EventRounds "5"]
[EventCountry "ENG"]
[SourceTitle "EXT 2016"]
[Source "ChessBase"]
[SourceDate "2015.10.08"]
[SourceVersion "1"]
[SourceVersionDate "2015.10.08"]
[SourceQuality "1"]

1. d4 d6 2. Nf3 Bg4 3. e4 Nd7 4. Bd3 e5 5. c3 Be7 6. Be3 Bxf3 7. Qxf3 Bg5 8. Nd2 Nh6 9. h3 Nf8 10. dxe5 Bxe3 11. Qxe3 dxe5 12. Nf3 Ng6 13. Rd1 0-0 14. Bc4 Qf6 15. g3 Qc6 16. Bb3 a5 17. 0-0 a4 18. Bc2 f6 19. Rd2 Nf7 20. b3 Nd6 21. c4 axb3 22. Bxb3 Nxe4 23. Rd3 Nc5 24. Rd2 b6 25. Rfd1 Ne7 26. Ne1 Nf5 27. Qf3 Qxf3 28. Nxf3 Nd6 29. Ne1 Nde4 30. Rc2 Rfd8 31. Rcc1 g6 32. Nc2 Nd3 33. Ra1 Nexf2 34. Rf1 Ne4 35. Kg2 Kg7 36. Ne3 Ndc5 37. Nd5 c6 38. Nxb6 Ra6 39. Na4 Nxa4 0-1

[Event "London Classic op-A U2000 5th"]
[Site "London"]
[Date "2013.12.09"]
[Round "1"]
[White "Antonovs, Viktors"]
[Black "Mitchell, Robert"]
[Result "0-1"]
[WhiteElo "1864"]
[BlackElo "1674"]
[PlyCount "138"]
[EventDate "2013.12.09"]
[EventType "swiss"]
[EventRounds "5"]
[EventCountry "ENG"]
[SourceTitle "EXT 2016"]
[Source "ChessBase"]
[SourceDate "2015.10.08"]
[SourceVersion "1"]
[SourceVersionDate "2015.10.08"]
[SourceQuality "1"]

1. e4 d6 2. d4 Nf6 3. Nc3 c6 4. Be2 Qa5 5. Bd2 Qc7 6. h3 b5 7. a3 Nbd7 8. Nf3 Bb7 9. 0-0 e5 10. d5 a6 11. Be3 c5 12. Nd2 Be7 13. f4 0-0 14. f5 Rfe8 15. g4 h6 16. Qe1 Nh7 17. Qg3 Qd8 18. Nf3 Ng5 19. Nd2 Nh7 20. Kh2 Bh4 21. Qg2 Ng5 22. Bf3 Kh8 23. Qe2 Rg8 24. Nd1 Nh7 25. Rg1 Bg5 26. c4 Bxe3 27. Nxe3 b4 28. Qf2 a5 29. Bd1 Qg5 30. Ba4 Qd8 31. Bxd7 Qxd7 32. a4 Raf8 33. h4 g5 34. hxg5 Nxg5 35. Qh4 Kh7 36. Kg3 f6 37. Rh1 Qg7 38. Rh2 Rh8 39. Rah1 Nf7 40. Nf3 Kg8 41. Qh5 Bc8 42. Nh4 Rh7 43. Ng6 Re8 44. Ng2 b3 45. Kf2 Bd7 46. Qh3 Rb8 47. Qc3 Rb4 48. Ra1 Ng5 49. Ke3 Be8 50. N6h4 Nxe4 51. Kxe4 Qxg4+ 52. Ke3 Qg3+ 53. Nf3 Kf7 54. Rah1 Ke7 55. Ke2 e4 56. Qe3 Qxf3+ 57. Qxf3 exf3+ 58. Kxf3 Bf7 59. Nf4 Rxc4 60. Ng6+ Kd8 61. Rxh6 Bxd5+ 62. Ke3 Re4+ 63. Kd3 c4+ 64. Kc3 Re3+ 65. Kd2 Rd3+ 66. Kc1 Rxh6 67. Rxh6 Bf3 68. Rh8+ Kc7 69. Rh7+ Kb6 0-1